000 00699nac a22001931u 4500
020 _a086272161X
082 _a612
_bWAL
090 _c5428
_d5428
100 _aWalpole, Brenda
245 _aKingfisher pocket book of the human body /
_c Brenda Walpole.
260 _aLondon :
_b Kingfisher, 1986
_c 1986.
300 _a188p. :
_b ill(some col.) ;
_c 20cm.
500 _adistributer: Al-Ahram
504 _aBibliography: p182 and index.
511 _acatalogued by: wessam
650 _aHuman physiology
_x Juvenile literature
942 _cBB
_k612WAL
999 _c5428
_d5428